000 00820nam0a22002411 4500
001 v19\rc\1387464
005 20260407113223.0
035 _a(NLR Aleph) 004520888
090 _a4865316
_c4865316
100 _a20060512d1870 |||y0rusy50 ca
101 0 _arus
102 _aRU
105 _aa z |||||
200 1 _aИнструкция управлениям государственными имуществами в губерниях
210 _a[Санкт-Петербург
_d1870]
215 _a9 с., 4 л. табл.
710 0 1 _aРоссия
_bМинистерство государственных имуществ
_3RU\NLR\AUTH\889942724
_9380460
801 0 _aRU
_bNLR
_gpsbo
801 0 _aRU
_bRuMoRGB
_2psbo
801 1 _aRU
_bProSoft-M
_2rusmarc
852 _aNLR
_j18.125.1.343
942 _cBOOK
980 _aNB